| 000 | 00565nam a2200193 a 4500 | ||
|---|---|---|---|
| 005 | 20240925065113.0 | ||
| 008 | 991125s1980 mx 000 0 spa u | ||
| 020 | _a9684440006 | ||
| 035 | _aUPN01000005873 | ||
| 049 | _aCG | ||
| 050 | 4 |
_aHM251 _bL3.2 |
|
| 100 | 1 | _aLartigue, María Teresa | |
| 245 | 1 | 0 |
_aBiopsicología social : _bun punto de vista global de la persona / _cMaría Teresa Lartigue. |
| 260 |
_aMéxico : _bAlhambra, _c1980. |
||
| 300 | _a83 p. | ||
| 650 | 4 |
_aPsicología social _95889 |
|
| 650 | 4 |
_aRelaciones interpersonales _91551 |
|
| 905 | _aLibro | ||
| 999 |
_c5873 _d5873 |
||